Люминесцентные свойства сцинтилляционных волоконных детекторов нейтронов; Известия вузов. Физика; Т. 54, № 1/3 : Радиационно-термические эффекты и процессы в неорганических материалах

Detalhes bibliográficos
Parent link:Известия вузов. Физика.— , 1958-
Т. 54, № 1/3 : Радиационно-термические эффекты и процессы в неорганических материалах.— 2011
Outros Autores: Седунова И. Н., Иванов В. Ю., Чурманов В. Н., Витовский И. Л., Шульгин Б. В., Викторов Л. В., Арбузов В. И., Дукельский К. В., Pedrini C., Lebbou K., Королёва Т. С., Кидибаев М. М.
Resumo:Заглавие с экрана
Idioma:russo
Publicado em: 2011
Assuntos:
Acesso em linha:http://www.lib.tpu.ru/fulltext/v/Conferences/2011/K03/341.pdf
Formato: MixedMaterials Recurso Electrónico Capítulo de Livro
KOHA link:https://koha.lib.tpu.ru/cgi-bin/koha/opac-detail.pl?biblionumber=459811

MARC

LEADER 00000naa2a2200000 4500
001 459811
005 20231101085201.0
035 |a (RuTPU)RU\TPU\prd\123608 
035 |a RU\TPU\prd\123599 
090 |a 459811 
100 |a 20111025d2011 k y0rusy50 ca 
101 0 |a rus 
102 |a RU 
135 |a drnn ---uucaa 
181 0 |a i  
182 0 |a b 
200 1 |a Люминесцентные свойства сцинтилляционных волоконных детекторов нейтронов  |b Электронный ресурс  |f И. Н. Седунова [и др.] 
203 |a Текст  |c электронный 
215 |a 1 файл (260 Кб) 
230 |a Электронные текстовые данные (1 файл : 260 Кб) 
300 |a Заглавие с экрана 
337 |a Adobe Reader 
461 1 |0 (RuTPU)RU\TPU\prd\191  |t Известия вузов. Физика  |d 1958- 
463 1 |0 (RuTPU)RU\TPU\prd\122269  |t Т. 54, № 1/3 : Радиационно-термические эффекты и процессы в неорганических материалах  |o тематический выпуск  |f под ред. А. П. Суржикова  |d 2011 
610 1 |a детекторы 
610 1 |a волоконные детекторы 
610 1 |a нейтроны 
610 1 |a люминесценция 
610 1 |a люминесцентные свойства 
610 1 |a ортобораты лития-гадолиния 
610 1 |a электронный ресурс 
701 1 |a Седунова  |b И. Н. 
701 1 |a Иванов  |b В. Ю. 
701 1 |a Чурманов  |b В. Н. 
701 1 |a Витовский  |b И. Л. 
701 1 |a Шульгин  |b Б. В. 
701 1 |a Викторов  |b Л. В. 
701 1 |a Арбузов  |b В. И. 
701 1 |a Дукельский  |b К. В. 
701 1 |a Pedrini  |b C. 
701 1 |a Lebbou  |b K. 
701 1 |a Королёва  |b Т. С. 
701 1 |a Кидибаев  |b М. М. 
801 1 |a RU  |b 63413507  |c 20111018 
801 2 |a RU  |b 63413507  |c 20121213  |g RCR 
856 4 |u http://www.lib.tpu.ru/fulltext/v/Conferences/2011/K03/341.pdf 
942 |c BK